[Event "XXXV Festival Conca della Presolana Magistrale"]
[Site "Castione della Presolana ITA"]
[Date "2015.08.25"]
[Round "5"]
[White "Negro, Roberto"]
[Black "Cocconcelli, Lorenzo"]
[WhiteElo "2169"]
[BlackElo "2139"]
[Result "0-1"]
[PlyCount "64"]
[EventDate "2015.08.22"]

1. Nf3 d5 2. c4 c6 3. b3 Nf6 4. Bb2 g6 5. e3 Bg7 6. Be2 O-O 7. O-O Nbd7 8. cxd5
cxd5 9. d3 Re8 10. Nc3 e5 11. Rc1 a6 12. b4 b6 13. Qb3 Bb7 14. a4 Rc8 15. Nb1
Qe7 16. d4 Ne4 17. dxe5 Nxe5 18. Nd4 Nc4 19. Rcd1 Nxb2 20. Qxb2 Rc7 21. Bf3
Rec8 22. Bxe4 dxe4 23. b5 a5 24. Qa2 Rc5 25. Nd2 Bxd4 26. exd4 Rc2 27. Qb1 e3
28. fxe3 Qxe3+ 29. Rf2 Qxd4 30. Kf1 Qd3+ 31. Kg1 Rd8 32. Qa1 Qd4 0-1

[Event "XXXV Festival Conca della Presolana Magistrale"]
[Site "Castione della Presolana ITA"]
[Date "2015.08.25"]
[Round "5"]
[White "Ottavi, Marco"]
[Black "Cattaneo, Marco"]
[WhiteElo "1991"]
[BlackElo "2175"]
[Result "1/2-1/2"]
[PlyCount "63"]
[EventDate "2015.08.22"]

1. e4 c5 2. Nf3 d6 3. d4 cxd4 4. Nxd4 Nf6 5. Nc3 g6 6. Be3 Bg7 7. f3 O-O 8. Qd2
Nc6 9. Bc4 Bd7 10. O-O-O Rb8 11. h4 b5 12. Bb3 Na5 13. h5 Nc4 14. Bxc4 bxc4 15.
hxg6 fxg6 16. Bh6 Qb6 17. b3 Qa5 18. Kb1 Qc5 19. Bxg7 Kxg7 20. Qh6+ Kg8 21.
Nde2 Rf7 22. Nd5 a5 23. Nxf6+ exf6 24. Rd5 Qc7 25. Qd2 a4 26. Rxd6 axb3 27.
axb3 cxb3 28. cxb3 Ba4 29. Nc1 Qe7 30. Rd1 Rff8 31. Qd4 Bb5 32. Rb6 1/2-1/2

[Event "XXXV Festival Conca della Presolana Magistrale"]
[Site "Castione della Presolana ITA"]
[Date "2015.08.25"]
[Round "5"]
[White "Qendro, Llambi"]
[Black "Giretti Kanev, Jasen"]
[WhiteElo "2338"]
[BlackElo "2211"]
[Result "1-0"]
[PlyCount "73"]
[EventDate "2015.08.22"]

1. d4 Nf6 2. c4 e6 3. Nf3 b6 4. g3 Bb7 5. Bg2 c5 6. O-O Be7 7. Nc3 Ne4 8. Qc2
Nxc3 9. Qxc3 cxd4 10. Qxd4 Bf6 11. Qf4 Nc6 12. Rd1 Qb8 13. Rb1 Qxf4 14. Bxf4
Rc8 15. Nd2 e5 16. Be3 Na5 17. b4 Bxg2 18. bxa5 Bc6 19. axb6 axb6 20. Bxb6 O-O
21. Nb3 Ra8 22. Nc5 Rxa2 23. Nxd7 Rc8 24. Nxf6+ gxf6 25. Rd8+ Rxd8 26. Bxd8 Kg7
27. Rd1 Rxe2 28. Bxf6+ Kxf6 29. Rd6+ Kf5 30. Rxc6 h5 31. h4 Rc2 32. Rh6 Rxc4
33. Rxh5+ Ke6 34. Rh8 Kf6 35. Rg8 e4 36. h5 Rc6 37. h6 1-0

[Event "XXXV Festival Conca della Presolana Magistrale"]
[Site "Castione della Presolana ITA"]
[Date "2015.08.25"]
[Round "5"]
[White "Sulava, Nenad"]
[Black "Bargeri, Ludovico"]
[WhiteElo "2442"]
[BlackElo "2092"]
[Result "1-0"]
[PlyCount "141"]
[EventDate "2015.08.22"]

1. Nf3 Nf6 2. g3 b6 3. Bg2 Bb7 4. O-O g6 5. d4 Bg7 6. c4 O-O 7. Re1 d6 8. Qc2
Be4 9. Qb3 c5 10. Nc3 Bb7 11. d5 Nbd7 12. h3 a6 13. a4 b5 14. axb5 axb5 15.
Rxa8 Qxa8 16. Nxb5 Rb8 17. e4 Ba6 18. Bf1 Bxb5 19. cxb5 Nb6 20. Bf4 Nfd7 21. e5
Qxd5 22. Qxd5 Nxd5 23. exd6 Nxf4 24. Rxe7 Rd8 25. gxf4 Bf8 26. Ne5 Nxe5 27.
Rxe5 Bxd6 28. Rd5 Be7 29. Bc4 Rxd5 30. Bxd5 Bd8 31. Kf1 Kf8 32. Ke2 Ke7 33. Kd3
f6 34. Bg8 h6 35. b3 Kd6 36. Bf7 g5 37. Ke4 Bc7 38. Bh5 Ke6 39. Bg4+ Kd6 40.
Kf5 Ke7 41. Ke4 Kd6 42. Bc8 Bb8 43. Bg4 Bc7 44. Be2 Bb8 45. Bd3 Bc7 46. Bc4 Bb8
47. Kf5 Ke7 48. fxg5 hxg5 49. b6 Bd6 50. Ke4 Kd7 51. Kd5 Bh2 52. Bb5+ Kc8 53.
Bc6 Bg1 54. f3 Bh2 55. Kxc5 f5 56. Kd5 f4 57. Ke6 Bg3 58. Kf5 Bh4 59. Bd5 Kb8
60. b4 Kc8 61. b5 Kb8 62. b7 Kc7 63. b6+ Kb8 64. Kg4 Be1 65. Kxg5 Bh4+ 66. Kxf4
Bg5+ 67. Kf5 Bf4 68. h4 Bh6 69. h5 Bf4 70. Kg6 Bh6 71. Bb3 1-0

[Event "XXXV Festival Conca della Presolana Magistrale"]
[Site "Castione della Presolana ITA"]
[Date "2015.08.25"]
[Round "5"]
[White "Sveshnikov, Vladimir"]
[Black "Bonato, Mariano"]
[WhiteElo "2352"]
[BlackElo "2177"]
[Result "1-0"]
[PlyCount "95"]
[EventDate "2015.08.22"]

1. d4 d5 2. Nf3 Nf6 3. c4 e6 4. e3 Be7 5. Nc3 O-O 6. Bd3 dxc4 7. Bxc4 b6 8. O-O
Bb7 9. Qe2 c5 10. Rd1 cxd4 11. exd4 Nd5 12. Ne5 Nc6 13. Nxd5 exd5 14. Bd3 Bf6
15. Nxc6 Bxc6 16. Bxh7+ Kxh7 17. Qc2+ Kg8 18. Qxc6 Rc8 19. Qb5 Rc4 20. Be3 Qd6
21. Rac1 Rb4 22. Qe2 Re8 23. Qd2 Rc4 24. b3 Rcc8 25. h3 Qd7 26. Qd3 Be7 27. Qa6
Bd6 28. a4 f5 29. Qd3 Qe6 30. Kf1 Qe4 31. Qxe4 fxe4 32. Rxc8 Rxc8 33. Rc1 Rxc1+
34. Bxc1 Kf7 35. Ke2 Ke6 36. f3 Bg3 37. b4 a6 38. b5 axb5 39. axb5 Kf5 40. Bd2
g6 41. Bh6 exf3+ 42. Kxf3 Bc7 43. g4+ Kf6 44. h4 Kf7 45. Bg5 Ke6 46. h5 gxh5
47. gxh5 Kf5 48. Bh4 1-0

[Event "XXXV Festival Conca della Presolana Magistrale"]
[Site "Castione della Presolana ITA"]
[Date "2015.08.25"]
[Round "5"]
[White "Ventura, Salvatore"]
[Black "Gentili, Gianguido"]
[WhiteElo "2083"]
[BlackElo "2074"]
[Result "1-0"]
[PlyCount "37"]
[EventDate "2015.08.22"]

1. c4 e5 2. g3 Bc5 3. Bg2 Nc6 4. Nc3 a6 5. e3 d6 6. Nge2 Nf6 7. O-O O-O 8. d4
exd4 9. exd4 Ba7 10. h3 h6 11. g4 Nh7 12. Be3 f5 13. Nf4 fxg4 14. Bd5+ Rf7 15.
Bxf7+ Kxf7 16. hxg4 Qh4 17. f3 Qg3+ 18. Ng2 Nf6 19. Bf2 1-0

[Event "XXXV Festival Conca della Presolana Magistrale"]
[Site "Castione della Presolana ITA"]
[Date "2015.08.27"]
[Round "6"]
[White "Aghayev, Miragha"]
[Black "Hunt, Adam C."]
[WhiteElo "2354"]
[BlackElo "2427"]
[Result "1/2-1/2"]
[PlyCount "35"]
[EventDate "2015.08.22"]

1. e4 c5 2. Nf3 d6 3. d4 cxd4 4. Nxd4 Nf6 5. Nc3 a6 6. Be3 e5 7. Nf3 Be7 8. Bc4
O-O 9. O-O Qc7 10. Bb3 Be6 11. Nh4 g6 12. Bh6 Rd8 13. Bg5 Nbd7 14. f4 exf4 15.
Kh1 Nc5 16. Bxe6 fxe6 17. Rxf4 Rf8 18. Qd2 1/2-1/2

[Event "XXXV Festival Conca della Presolana Magistrale"]
[Site "Castione della Presolana ITA"]
[Date "2015.08.27"]
[Round "6"]
[White "Bonato, Mariano"]
[Black "Ferretti, Folco"]
[WhiteElo "2177"]
[BlackElo "2211"]
[Result "1/2-1/2"]
[PlyCount "118"]
[EventDate "2015.08.22"]

1. e4 d6 2. d4 Nf6 3. Bd3 e5 4. c3 d5 5. dxe5 Nxe4 6. Nf3 Nc5 7. Bc2 Be7 8. O-O
Bg4 9. Bf4 O-O 10. h3 Bh5 11. Qe2 Ne6 12. Bh2 c5 13. Nbd2 Nc6 14. g4 Bg6 15.
Bf5 Re8 16. Rad1 Qb6 17. Nb3 Rad8 18. Rd2 c4 19. Nbd4 Nexd4 20. Nxd4 Bc5 21.
Rfd1 Bxd4 22. cxd4 Bxf5 23. gxf5 Ne7 24. Qg4 g6 25. fxg6 Qxg6 26. Bf4 h5 27.
Qg5 Kh7 28. Kh2 Nf5 29. Qxg6+ fxg6 30. Bg5 Rc8 31. Rc2 b5 32. Be3 Re6 33. b4
Ra8 34. a4 a5 35. Rb1 axb4 36. Rxb4 bxa4 37. Rb5 a3 38. Ra2 Rc6 39. Bc1 Nxd4
40. Rxd5 Nb3 41. Rd7+ Kg8 42. Rxa3 Rxa3 43. Bxa3 Nc5 44. Rd6 Rxd6 45. exd6 Nb7
46. Kg3 Kf7 47. Kf4 Ke6 48. Kg5 Kf7 49. Bb4 c3 50. Bxc3 Nxd6 51. Bd4 Nf5 52.
Bc5 Ng7 53. Be3 Ne6+ 54. Kh4 Kf6 55. Kg3 Kf5 56. h4 Ke4 57. Bb6 Ng7 58. f3+ Kf5
59. Be3 Ne8 1/2-1/2

[Event "XXXV Festival Conca della Presolana Magistrale"]
[Site "Castione della Presolana ITA"]
[Date "2015.08.27"]
[Round "6"]
[White "Bonazzi, Edoardo"]
[Black "Ventura, Salvatore"]
[WhiteElo "2113"]
[BlackElo "2083"]
[Result "0-1"]
[PlyCount "84"]
[EventDate "2015.08.22"]

1. c4 c5 2. g3 g6 3. Bg2 Bg7 4. Nc3 Nc6 5. Nf3 e5 6. a3 Nge7 7. O-O d6 8. Ne1
Be6 9. Nd5 O-O 10. Nc2 a5 11. d3 Rb8 12. Rb1 b5 13. b4 axb4 14. Nxe7+ Nxe7 15.
cxb5 b3 16. Ne3 Rxb5 17. a4 Rb8 18. Bd2 Qd7 19. a5 Qb5 20. Qc1 d5 21. Qa3 d4
22. Nd1 Nc6 23. Rc1 Nb4 24. Nb2 Rfc8 25. Nc4 Nc2 26. Rxc2 bxc2 27. Nd6 Qb2 28.
Qxb2 Rxb2 29. Nxc8 Bxc8 30. Rc1 Bf8 31. Bd5 Ba6 32. Kg2 Bd6 33. Kf3 Kf8 34. g4
Ke7 35. g5 f5 36. gxf6+ Kxf6 37. h4 Bc7 38. Ke4 Ke7 39. Bc4 Bb7+ 40. Bd5 Bc8
41. Bc4 Kd6 42. f4 Bb7+ 0-1

[Event "XXXV Festival Conca della Presolana Magistrale"]
[Site "Castione della Presolana ITA"]
[Date "2015.08.27"]
[Round "6"]
[White "Brociner, Beniamino"]
[Black "Cugini, Verter"]
[WhiteElo "2167"]
[BlackElo "2089"]
[Result "1-0"]
[PlyCount "31"]
[EventDate "2015.08.22"]

1. d4 d6 2. c4 e5 3. Nf3 exd4 4. Nxd4 Ne7 5. Nc3 Nbc6 6. Nb3 g6 7. Bg5 Bg7 8.
Nd5 O-O 9. Nf6+ Kh8 10. h4 h6 11. g4 Ng8 12. Nh7 Bxb2 13. Qd2 hxg5 14. hxg5 Kg7
15. Rb1 Bf6 16. gxf6+ 1-0

[Event "XXXV Festival Conca della Presolana Magistrale"]
[Site "Castione della Presolana ITA"]
[Date "2015.08.27"]
[Round "6"]
[White "Cattaneo, Marco"]
[Black "Giretti Kanev, Jasen"]
[WhiteElo "2175"]
[BlackElo "2211"]
[Result "1/2-1/2"]
[PlyCount "147"]
[EventDate "2015.08.22"]

1. d4 Nf6 2. Nf3 b6 3. c4 e6 4. g3 Ba6 5. Qa4 c6 6. Nc3 Be7 7. Bg2 O-O 8. O-O
d5 9. cxd5 cxd5 10. Ne5 b5 11. Nxb5 Qe8 12. Nc3 Qxa4 13. Nxa4 Bxe2 14. Re1 Bb5
15. Nc3 Ba6 16. f4 g6 17. g4 Nfd7 18. Nxd5 Bh4 19. Ne7+ Kg7 20. Rd1 Nxe5 21.
dxe5 Bxe7 22. Bxa8 Be2 23. Re1 Bc5+ 24. Kg2 Bxg4 25. Be3 Na6 26. Bf3 Bf5 27.
Rac1 Bxe3 28. Rxe3 Nb4 29. Rc4 a5 30. a3 Nd3 31. Rd4 Nxb2 32. Rb3 Na4 33. Bc6
Nc5 34. Rc3 Na6 35. Bb7 Nb8 36. Rc5 Re8 37. Rxa5 Re7 38. Be4 g5 39. Rb5 Rd7 40.
Rbb4 Bxe4+ 41. Rxe4 Rd2+ 42. Kf3 Nc6 43. Rbc4 Ne7 44. Re2 g4+ 45. Ke3 Rd1 46.
Rd2 Ra1 47. a4 Kg6 48. Kd4 h5 49. Kc5 Nd5 50. Kb5 Kf5 51. a5 h4 52. a6 g3 53.
hxg3 hxg3 54. Rdc2 Rb1+ 55. Ka5 Ne3 56. a7 Nxc4+ 57. Rxc4 Ra1+ 58. Ra4 Rxa4+
59. Kxa4 g2 60. a8=Q g1=Q 61. Qd8 Qa1+ 62. Kb5 Qf1+ 63. Kc6 Qxf4 64. Qf6+ Ke4
65. Kd6 Qg3 66. Qxf7 Qxe5+ 67. Ke7 Kd5 68. Qf3+ Kc5 69. Qa3+ Kc6 70. Qa6+ Kd5
71. Qd3+ Kc5 72. Qa3+ Kd4 73. Qb4+ Kd5 74. Qb3+ 1/2-1/2

[Event "XXXV Festival Conca della Presolana Magistrale"]
[Site "Castione della Presolana ITA"]
[Date "2015.08.27"]
[Round "6"]
[White "Cocconcelli, Lorenzo"]
[Black "Bargeri, Ludovico"]
[WhiteElo "2139"]
[BlackElo "2092"]
[Result "1-0"]
[PlyCount "131"]
[EventDate "2015.08.22"]

1. d4 Nf6 2. c4 e6 3. g3 d5 4. Bg2 Be7 5. Nf3 O-O 6. O-O dxc4 7. Qc2 a6 8. a4
Nbd7 9. Qxc4 c5 10. dxc5 Bxc5 11. Nc3 b5 12. Qd3 b4 13. Ne4 Nxe4 14. Qxe4 Ra7
15. Bf4 Bb7 16. Qc2 Qe7 17. Ng5 f5 18. Qc4 Re8 19. Bxb7 Rxb7 20. Qxa6 Ra7 21.
Qc6 h6 22. Nf3 e5 23. Be3 Bxe3 24. fxe3 Qc5 25. Qxc5 Nxc5 26. a5 Nb3 27. Ra4
Rxa5 28. Rxb4 Nc5 29. Nh4 Na6 30. Rb6 f4 31. Nf5 fxg3 32. hxg3 Nc7 33. Rc1 Ra7
34. e4 Rd8 35. Ne7+ Kf7 36. Nc6 Rda8 37. Nxa7 Rxa7 38. Rcc6 Ne8 39. Kf2 Nf6 40.
Rb4 Ra1 41. Rc7+ Kg6 42. Rbb7 Nxe4+ 43. Ke3 Ng5 44. g4 Rg1 45. Rxg7+ Kf6 46.
Rgc7 Rxg4 47. Rb6+ Kf5 48. Rxh6 Rb4 49. Rc2 Rb3+ 50. Kf2 Ne4+ 51. Kg2 Rg3+ 52.
Kh2 Rb3 53. Rh3 Rb8 54. Rf3+ Ke6 55. b3 Nd6 56. Ra2 Nb5 57. Ra6+ Kd5 58. Rh3
Nd4 59. Ra5+ Nb5 60. Rh4 Kc5 61. b4+ Kd5 62. Kg2 Ke6 63. e4 Kf6 64. Ra6+ Kg7
65. Rh5 Nd4 66. Rxe5 1-0

[Event "XXXV Festival Conca della Presolana Magistrale"]
[Site "Castione della Presolana ITA"]
[Date "2015.08.27"]
[Round "6"]
[White "Coppola, Federico"]
[Black "Ottavi, Marco"]
[WhiteElo "2092"]
[BlackElo "1991"]
[Result "1/2-1/2"]
[PlyCount "45"]
[EventDate "2015.08.22"]

1. Nf3 Nf6 2. c4 e6 3. g3 d5 4. Bg2 c6 5. O-O Bd6 6. d4 O-O 7. Nbd2 Re8 8. Qc2
Nbd7 9. Rd1 Qe7 10. c5 Bc7 11. Re1 e5 12. e4 Qf8 13. exd5 Nxd5 14. Nxe5 Nxe5
15. dxe5 Bxe5 16. Nf3 Bf6 17. Bg5 Bg4 18. Bxf6 Nxf6 19. Ne5 Be6 20. b4 Bd5 21.
Bxd5 Nxd5 22. Qb2 f6 23. Nc4 1/2-1/2

[Event "XXXV Festival Conca della Presolana Magistrale"]
[Site "Castione della Presolana ITA"]
[Date "2015.08.27"]
[Round "6"]
[White "Corvi, Marco"]
[Black "Lain, Luigi"]
[WhiteElo "2322"]
[BlackElo "2143"]
[Result "1/2-1/2"]
[PlyCount "84"]
[EventDate "2015.08.22"]

1. c4 Nf6 2. Nc3 g6 3. g3 Bg7 4. Bg2 O-O 5. e4 c5 6. Nge2 Nc6 7. O-O d6 8. d3
Ne8 9. Rb1 Nc7 10. a3 Rb8 11. b4 cxb4 12. axb4 b5 13. cxb5 Nxb5 14. Nxb5 Rxb5
15. Qa4 Qb6 16. Be3 Qa6 17. Qxa6 Bxa6 18. e5 Nxe5 19. Nd4 Rb6 20. b5 Bb7 21.
Nc6 Bxc6 22. bxc6 Rxb1 23. Rxb1 Rc8 24. Rb7 d5 25. Bxd5 e6 26. Bg2 Bf8 27. c7
Bd6 28. d4 Nc4 29. Bf4 e5 30. dxe5 Nxe5 31. Rxa7 Kf8 32. Ra5 f6 33. Bh6+ Ke7
34. h4 Rxc7 35. Ra8 Bc5 36. Bf8+ Ke6 37. Bh3+ f5 38. Bh6 Nd3 39. Be3 Bxe3 40.
Re8+ Re7 41. Rxe7+ Kxe7 42. fxe3 h5 1/2-1/2

[Event "XXXV Festival Conca della Presolana Magistrale"]
[Site "Castione della Presolana ITA"]
[Date "2015.08.27"]
[Round "6"]
[White "Gennari, Jacopo"]
[Black "Negro, Roberto"]
[WhiteElo "2125"]
[BlackElo "2169"]
[Result "0-1"]
[PlyCount "70"]
[EventDate "2015.08.22"]

1. d4 Nf6 2. c4 e6 3. Nc3 Bb4 4. a3 Bxc3+ 5. bxc3 b6 6. f3 Ba6 7. e4 Nc6 8. Bd3
Na5 9. Qe2 Nb3 10. Rb1 Nxc1 11. Rxc1 Qe7 12. Ra1 d6 13. Nh3 O-O 14. O-O c5 15.
f4 e5 16. fxe5 dxe5 17. d5 Ne8 18. Nf2 Nd6 19. Ng4 Rae8 20. Ne3 f5 21. Nxf5
Rxf5 22. exf5 e4 23. Rae1 Qf7 24. Bb1 Bxc4 25. Qg4 Bxf1 26. Rxf1 Qf6 27. h4 Re5
28. h5 Kf8 29. Re1 Rxd5 30. Bxe4 Qxc3 31. Qe2 Qd4+ 32. Kh1 Re5 33. f6 Nxe4 34.
fxg7+ Kg8 35. Kh2 Nf2 0-1

[Event "XXXV Festival Conca della Presolana Magistrale"]
[Site "Castione della Presolana ITA"]
[Date "2015.08.27"]
[Round "6"]
[White "Gentili, Gianguido"]
[Black "Ranfagni, Stefano"]
[WhiteElo "2074"]
[BlackElo "1970"]
[Result "1-0"]
[PlyCount "149"]
[EventDate "2015.08.22"]

1. d4 e6 2. Nf3 f5 3. e3 Nf6 4. Bd3 d5 5. O-O Bd6 6. c4 c6 7. b3 Qe7 8. Bb2 O-O
9. Qc2 Ne4 10. Ne5 Nd7 11. f3 Ng5 12. Nd2 Nxe5 13. dxe5 Bc5 14. Rae1 f4 15. Bd4
fxe3 16. Bxe3 Bxe3+ 17. Rxe3 g6 18. c5 b6 19. f4 Nf7 20. Bxg6 Qxc5 21. Bxh7+
Kh8 22. Qxc5 bxc5 23. Rh3 Kg7 24. Rff3 Rh8 25. Rfg3+ Kf8 26. Nf3 Bd7 27. Rg6 a5
28. Rf6 Ke7 29. g4 a4 30. g5 axb3 31. axb3 Raf8 32. g6 Nxe5 33. fxe5 Rxf6 34.
exf6+ Kxf6 35. Rh5 Be8 36. Ne1 Rf8 37. Nd3 c4 38. bxc4 dxc4 39. Nc5 c3 40. Ne4+
Kg7 41. Nxc3 Bxg6 42. Bxg6 Kxg6 43. Rc5 Rg8 44. Ne4 Ra8 45. Rxc6 Kf5 46. Ng3+
Ke5 47. Rc2 Kf4 48. Kg2 e5 49. Rf2+ Ke3 50. Re2+ Kf4 51. Re4+ Kg5 52. Rxe5+ Kf6
53. Rf5+ Kg6 54. h4 Ra2+ 55. Kh3 Ra3 56. Rf4 Rb3 57. Kg4 Ra3 58. h5+ Kh6 59.
Nf5+ Kh7 60. Rb4 Ra1 61. Rb7+ Kh8 62. Kg5 Ra2 63. Rb6 Kh7 64. Rh6+ Kg8 65. Ne7+
Kg7 66. Nf5+ Kg8 67. Rc6 Kh7 68. Rc7+ Kh8 69. Nd6 Re2 70. Nf7+ Kg8 71. Nh6+ Kh8
72. Ng4 Rg2 73. Kf5 Ra2 74. Kg6 Ra6+ 75. Nf6 1-0

[Event "XXXV Festival Conca della Presolana Magistrale"]
[Site "Castione della Presolana ITA"]
[Date "2015.08.27"]
[Round "6"]
[White "Janev, Evgeni"]
[Black "Cebalo, Miso"]
[WhiteElo "2409"]
[BlackElo "2397"]
[Result "1/2-1/2"]
[PlyCount "117"]
[EventDate "2015.08.22"]

1. e4 c5 2. c3 d5 3. exd5 Qxd5 4. Nf3 g6 5. Na3 Bg7 6. d4 Nf6 7. Bc4 Qe4+ 8.
Be3 O-O 9. O-O cxd4 10. Nxd4 Qe5 11. Qf3 Nc6 12. Rfe1 Ng4 13. Bf4 Nxd4 14. cxd4
Qxd4 15. Rad1 Qf6 16. Nb5 e5 17. Bg3 Bf5 18. Nc7 e4 19. Qb3 Rad8 20. h3 Ne5 21.
Nd5 Qe6 22. Bh4 Nxc4 23. Bxd8 Nxb2 24. Ne7+ Kh8 25. Rd5 Qa6 26. Nxf5 gxf5 27.
Re3 Qe6 28. Rg3 Nd3 29. Bc7 Nc1 30. Qxb7 Ne2+ 31. Kh2 Nxg3 32. Bxg3 a6 33. a4
h6 34. a5 Bc3 35. Rd6 Qc4 36. Rxh6+ Kg7 37. Rc6 Qd3 38. Qe7 Kg8 39. Qg5+ Bg7
40. Qxf5 Rd8 41. Qg4 Kf8 42. h4 e3 43. fxe3 Qxe3 44. h5 Bd4 45. Rc8 Rxc8 46.
Qxc8+ Kg7 47. Qg4+ Kh8 48. Qf5 Qg1+ 49. Kh3 Qh1+ 50. Kg4 Qxg2 51. Qxf7 Qe4+ 52.
Kh3 Qh1+ 53. Bh2 Qe4 54. h6 Qe3+ 55. Kg2 Qxh6 56. Qe8+ Kh7 57. Bg3 Bg7 58. Qe4+
Qg6 59. Qxg6+ 1/2-1/2

[Event "XXXV Festival Conca della Presolana Magistrale"]
[Site "Castione della Presolana ITA"]
[Date "2015.08.27"]
[Round "6"]
[White "Orlov, Andrey"]
[Black "Franciosi, Fausto"]
[WhiteElo "2489"]
[BlackElo "2139"]
[Result "1-0"]
[PlyCount "85"]
[EventDate "2015.08.22"]

1. e4 e6 2. d4 d5 3. Nc3 Bb4 4. exd5 exd5 5. Bd3 Nc6 6. Be3 Nge7 7. Qf3 Be6 8.
Nge2 Qd7 9. h3 Bf5 10. O-O-O O-O-O 11. Bb5 h5 12. a3 Ba5 13. b4 Bb6 14. g4 hxg4
15. hxg4 Be6 16. Rxh8 Rxh8 17. Rh1 Rxh1+ 18. Qxh1 Bxg4 19. Qh8+ Qd8 20. Qxg7
Be6 21. Bg5 Nf5 22. Bxd8 Nxg7 23. Bxc6 Kxd8 24. Bxb7 Nf5 25. Bxd5 Nxd4 26. Nxd4
Bxd5 27. Nxd5 Bxd4 28. Ne3 Kd7 29. Kd2 Ke6 30. Kd3 Bf6 31. Ke4 Bb2 32. Nc4 Bc3
33. Kd3 Be1 34. f3 Bf2 35. Ne3 f5 36. c4 c6 37. Nd1 Bg1 38. Nc3 Ke5 39. Ne2 Bf2
40. f4+ Kd6 41. Nd4 Bxd4 42. Kxd4 a6 43. c5+ 1-0

[Event "XXXV Festival Conca della Presolana Magistrale"]
[Site "Castione della Presolana ITA"]
[Date "2015.08.27"]
[Round "6"]
[White "Ranieri, Fabrizio"]
[Black "Sveshnikov, Vladimir"]
[WhiteElo "2256"]
[BlackElo "2352"]
[Result "1/2-1/2"]
[PlyCount "61"]
[EventDate "2015.08.22"]

1. e4 c6 2. d4 d5 3. exd5 cxd5 4. c4 Nf6 5. Nc3 g6 6. cxd5 Bg7 7. Be2 Nxd5 8.
Nf3 O-O 9. O-O Nc6 10. Qb3 Nxc3 11. bxc3 Qc7 12. Bg5 Be6 13. Qa3 Bd5 14. Rac1
h6 15. Bh4 f5 16. h3 f4 17. Qc5 Rad8 18. Bc4 Bf7 19. d5 g5 20. Bxg5 hxg5 21.
dxc6 Qxc6 22. Bxf7+ Rxf7 23. Qxc6 bxc6 24. Nxg5 Rf5 25. Ne4 f3 26. Rfd1 Rfd5
27. Re1 fxg2 28. Kxg2 Kf7 29. c4 Ra5 30. Rc2 Bh6 31. Ng3 1/2-1/2

[Event "XXXV Festival Conca della Presolana Magistrale"]
[Site "Castione della Presolana ITA"]
[Date "2015.08.27"]
[Round "6"]
[White "Ricci, Marco"]
[Black "Madiai, Federico"]
[WhiteElo "2040"]
[BlackElo "2227"]
[Result "0-1"]
[PlyCount "60"]
[EventDate "2015.08.22"]

1. e4 c5 2. Nf3 d6 3. d4 cxd4 4. Qxd4 Nc6 5. Bb5 Bd7 6. Bxc6 Bxc6 7. Nc3 h6 8.
O-O e5 9. Qd3 Nf6 10. b4 Be7 11. b5 Bd7 12. a4 O-O 13. Nd2 Qc7 14. Bb2 Rac8 15.
Rfd1 Be6 16. Nf1 Nd7 17. Ne3 Nb6 18. Rac1 Rfd8 19. g3 Bg5 20. Ncd5 Bxd5 21.
exd5 Nxa4 22. Ba1 Bxe3 23. Qxe3 Qb6 24. Qxb6 Nxb6 25. Bb2 Rc5 26. Ba3 Rxb5 27.
c4 Rb3 28. c5 Na4 29. c6 Rxa3 30. cxb7 Nc5 0-1

[Event "XXXV Festival Conca della Presolana Magistrale"]
[Site "Castione della Presolana ITA"]
[Date "2015.08.27"]
[Round "6"]
[White "Sulava, Nenad"]
[Black "Qendro, Llambi"]
[WhiteElo "2442"]
[BlackElo "2338"]
[Result "1/2-1/2"]
[PlyCount "81"]
[EventDate "2015.08.22"]

1. d4 g6 2. e4 Bg7 3. Nf3 d6 4. Be3 c6 5. Nc3 Qb6 6. Qc1 Nf6 7. Bd3 O-O 8. O-O
Qc7 9. a4 b6 10. h3 Nbd7 11. Ne2 Bb7 12. Ng3 c5 13. c3 cxd4 14. cxd4 Qxc1 15.
Rfxc1 Rfc8 16. Rxc8+ Rxc8 17. a5 bxa5 18. Rxa5 Ra8 19. d5 Ne8 20. Bb5 Ne5 21.
Nxe5 Bxe5 22. f4 Bf6 23. Bxe8 Rxe8 24. Rxa7 Rb8 25. b4 e6 26. dxe6 fxe6 27. Kh2
Bh4 28. e5 dxe5 29. fxe5 Bd5 30. Bc5 Bxg3+ 31. Kxg3 Ra8 32. Re7 Ra2 33. Re8+
Kg7 34. Re7+ Kg8 35. Be3 Rxg2+ 36. Kh4 Re2 37. Bf4 Re4 38. Kg3 Rxb4 39. Bh6 Rb7
40. Rxb7 Bxb7 41. h4 1/2-1/2

[Event "XXXV Festival Conca della Presolana Magistrale"]
[Site "Castione della Presolana ITA"]
[Date "2015.08.27"]
[Round "6"]
[White "Sveshnikov, Evgeny E."]
[Black "Movsziszian, Karen"]
[WhiteElo "2508"]
[BlackElo "2457"]
[Result "1/2-1/2"]
[PlyCount "51"]
[EventDate "2015.08.22"]

1. e4 g6 2. d4 Bg7 3. Nc3 d6 4. Be3 a6 5. h4 Nf6 6. f3 b5 7. Qd2 h5 8. Nh3 Nbd7
9. Ng5 Nb6 10. a4 b4 11. Nd1 a5 12. c3 bxc3 13. Nxc3 O-O 14. b3 c6 15. Be2 Ba6
16. O-O Nbd7 17. Rfd1 Nh7 18. Rac1 Nxg5 19. hxg5 Qb8 20. Bc4 Rc8 21. Qd3 Qb7
22. Qe2 Bxc4 23. bxc4 Qa6 24. d5 Rab8 25. dxc6 Rxc6 26. Nb5 1/2-1/2

[Event "XXXV Festival Conca della Presolana Magistrale"]
[Site "Castione della Presolana ITA"]
[Date "2015.08.27"]
[Round "6"]
[White "Vuelban, Virgilio"]
[Black "Motola, Jacopo"]
[WhiteElo "2349"]
[BlackElo "2061"]
[Result "1/2-1/2"]
[PlyCount "236"]
[EventDate "2015.08.22"]

1. d4 g6 2. Nf3 Bg7 3. g3 b6 4. Bg2 Bb7 5. O-O d6 6. c3 Nd7 7. Re1 e6 8. e4 Ne7
9. Nbd2 O-O 10. h4 c5 11. b3 Qc7 12. Bb2 Rac8 13. Rc1 Qb8 14. c4 cxd4 15. Bxd4
Nc6 16. Bxg7 Kxg7 17. Nb1 Nde5 18. Nd4 Kg8 19. Nc3 a6 20. f4 Nd7 21. Nxc6 Bxc6
22. Qd4 e5 23. Qd2 exf4 24. Qxf4 Ne5 25. h5 f6 26. hxg6 hxg6 27. Bh3 Rce8 28.
Nd5 Kg7 29. Qe3 Rh8 30. Kg2 Bxd5 31. cxd5 Re7 32. Be6 b5 33. Rh1 Rxh1 34. Rxh1
g5 35. Rc1 Rc7 36. Kf1 a5 37. Ke2 b4 38. Kd1 Qb7 39. Rc2 Rxc2 40. Kxc2 Qc7+ 41.
Kb2 Qc5 42. Qxc5 dxc5 43. Kc2 Kf8 44. Kd2 Ke7 45. Ke3 Kd6 46. Bg8 Nd7 47. Be6
Nb6 48. Kd3 Ke5 49. Bf5 a4 50. Bh7 a3 51. Kc2 Kd6 52. Bf5 c4 53. bxc4 Nxc4 54.
Kb3 Kc5 55. Bg6 Nd6 56. Bh7 Nb5 57. Bg6 Nd4+ 58. Ka4 Ne2 59. d6 Nc3+ 60. Kb3
Kxd6 61. Kxb4 Nxa2+ 62. Kxa3 Nc3 63. Kb3 Ne2 64. g4 Kc5 65. Kc2 Kd4 66. Kd2 Nc3
67. Bh7 Nxe4+ 68. Ke2 Nd6 69. Kf3 Nc4 70. Bf5 Ne3 71. Be6 Kd3 72. Bc8 Nd5 73.
Bb7 Nb4 74. Ba8 Kd4 75. Bb7 Nd3 76. Ba6 Ne5+ 77. Kg3 Ke3 78. Bb5 Nd3 79. Ba6
Nc5 80. Bc8 Ne4+ 81. Kg2 Kf4 82. Bd7 Nc3 83. Bc8 Nd1 84. Bd7 Ne3+ 85. Kh3 Nc4
86. Be6 Ne3 87. Bc8 Kf3 88. Bb7+ Kf2 89. Ba8 Nc2 90. Bb7 Nd4 91. Bd5 Ne2 92.
Bb7 Ng1+ 93. Kh2 Nf3+ 94. Kh3 Ne5 95. Bd5 Nd3 96. Bb7 Ke3 97. Kg3 Nc5 98. Bc6
Ne4+ 99. Kg2 Kf4 100. Bd7 Nd6 101. Be6 Nb5 102. Bd7 Nd4 103. Bc8 Nc2 104. Bd7
Ne3+ 105. Kh3 Nd1 106. Kg2 Ne3+ 107. Kh3 Nc4 108. Be6 Nd2 109. Bd7 Ne4 110. Kg2
Nc3 111. Bc8 Nd5 112. Bd7 Ne3+ 113. Kh3 Kf3 114. Bc6+ Kf2 115. Bb7 f5 116. gxf5
g4+ 117. Kh4 Nxf5+ 118. Kxg4 Nd6 1/2-1/2